000 01421nam a2200253Ia 4500
003 OSt
005 20241025100748.0
008 210210b1983 xxu||||| |||| 00| 0 eng d
040 _cAL
041 _aKannada
082 _aK894.2 BANM
100 _aBANNANJE GOVINDACHARYA.
_9138727
_dಬನ್ನಂಜೆ ಗೋವಿಂದಾಚಾರ್ಯ
245 _aMugila matu.
_bಮುಗಿಲ ಮಾತು
260 _aUdupi
_bAjjara kadu
_c1983
300 _a124
520 _aಜಡೆ ಹೆಣೆದಳು ಪಾಂಚಾಲಿ: ಭಟ್ಟ ನಾರಾಯಣನ ಸಂಸ್ಕೃತ ನಾಟಕ ವೇಣೀ ಸಂಹಾರದ ಕನ್ನಡ ರೂಪಾಂತರ ನಡುವಿನವನ ಬಿಡುಗಡೆ: ಭಾಸ ಕವಿಯ ಸಂಸ್ಕೃತ ನಾಟಕ ಮಧ್ಯಮಾ ವ್ಯಾಯೋಗದ ಕನ್ನಡ ರೂಪಾಂತರ ಅಗ್ನಿಮಿತ್ರನಿಗೊಲಿದ ಮಾಲವಿಕೆ: ಕವಿ ಕಾಳಿದಾಸನ ಸಂಸ್ಕೃತ ನಾಟಕ ಮಾಲವಿಕಾಗ್ನಿ ಮಿತ್ರ ದ ಕನ್ನಡ ರೂಪಾಂತರ ಕಾಳಿದಾಸನ ಆತ್ಮಕಥೆ
650 _aKalidasana Atmakathe
_9138728
650 _aJade Henedalu Panchali
_9183240
650 _aNaduvinavana Bidugade
_9183241
650 _a Agni Mitranigolida Malavike
_9183242
690 _aKannada Drama
_9138729
906 _a038218
942 _2ddc
_cBK
999 _c88285
_d88285